images (140×140)   Dow University of Health Sciences Library Catalogue

Welcome to Dow University of Health Sciences Library Online Public Access Catalog

Research Methods Managers (Record no. 16313)

MARC details
000 -LEADER
fixed length control field 00367nam a2200157Ia 4500
008 - FIXED-LENGTH DATA ELEMENTS--GENERAL INFORMATION
fixed length control field 241014s9999||||xx |||||||||||||| ||und||
020 ## - INTERNATIONAL STANDARD BOOK NUMBER
International Standard Book Number 9781853961199
060 ## - NATIONAL LIBRARY OF MEDICINE CALL NUMBER
Classification number HD 31 G 1991
100 ## - MAIN ENTRY--PERSONAL NAME
Personal name Gill, John's Phil Johnson
245 #0 - TITLE STATEMENT
Title Research Methods Managers
250 ## - EDITION STATEMENT
Edition statement 1991
260 ## - PUBLICATION, DISTRIBUTION, ETC.
Name of publisher, distributor, etc. P.C.P
300 ## - PHYSICAL DESCRIPTION
Extent 168
650 ## - SUBJECT ADDED ENTRY--TOPICAL TERM
Topical term or geographic name entry element Management
942 ## - ADDED ENTRY ELEMENTS (KOHA)
-- IBHM
Koha item type Books

No items available.




©2026, All rights reserved. Dow University of Health Sciences, Karachi, Pakistan.